[Event "Macaubal Tsiloufas Memorial 2nd"]
[Site "Macaubal"]
[Date "2025.03.02"]
[Round "3"]
[White "Kinouchi, Francisco Almeida E"]
[Black "Fuzatto, Davi Felipe"]
[Result "0-1"]
[WhiteElo "1723"]
[BlackElo "1827"]
[PlyCount "126"]
[EventDate "2025.03.01"]
[EventType "swiss"]
[EventRounds "6"]
[EventCountry "BRA"]
[SourceTitle "CB11_2025"]
[SourceDate "2025.03.12"]
[SourceVersion "1"]
[SourceVersionDate "2025.03.12"]
[SourceQuality "1"]

1. e4 e6 2. d4 d5 3. exd5 Qxd5 4. Nc3 Bb4 5. a3 Bxc3+ 6. bxc3 Nf6 7. c4 Qd8 8. Nf3 h6 9. Be2 Nc6 10. 0-0 0-0 11. c3 Re8 12. h3 Bd7 13. Be3 Ne7 14. Bd3 Nf5 15. Ne5 Qe7 16. g4 Nd6 17. Qc1 Nh7 18. c5 Nc8 19. Kg2 Nf8 20. f4 f6 21. Ng6 Nxg6 22. Bxg6 Bc6+ 23. Kg3 Rf8 24. f5 e5 25. dxe5 Qxe5+ 26. Bf4 Qxc5 27. Re1 Qd5 28. Kh4 Nb6 29. Re7 Rae8 30. Bxe8 Rxe8 31. Qe3 Rxe7 32. Qxe7 Qf7 33. Qd8+ Kh7 34. Qxc7 Qxc7 35. Bxc7 Nd5 36. Ba5 b6 37. Bb4 a5 38. c4 Ne3 39. Bc3 Nxc4 40. Re1 Nxa3 41. Re7 Kg8 42. Re6 Bd7 43. Rxb6 a4 44. Rb7 Be8 45. Re7 Bf7 46. Bb4 Nc2 47. Bc5 a3 48. Bxa3 Nxa3 49. Ra7 Nc4 50. Kg3 Ne5 51. h4 Kh7 52. h5 Bg8 53. Kf4 Nf7 54. Re7 Ng5 55. Ke3 Bd5 56. Kf4 Nf3 57. Rd7 Bc6 58. Rc7 Ne5 59. Re7 Ba4 60. Rxe5 fxe5+ 61. Kxe5 Bd1 62. Kf4 Kg8 63. g5 Bxh5 0-1

[Event "Macaubal Tsiloufas Memorial"]
[Site "Macaubal"]
[Date "2024.07.14"]
[Round "5"]
[White "Da Silva, Abraao Augusto"]
[Black "Fuzatto, Davi Felipe"]
[Result "0-1"]
[WhiteElo "1757"]
[BlackElo "1805"]
[PlyCount "88"]
[EventDate "2024.07.13"]
[EventType "swiss"]
[EventRounds "5"]
[EventCountry "BRA"]
[SourceTitle "CBM 221 Extra"]
[Source "ChessBase"]
[SourceDate "2024.09.30"]
[SourceVersion "1"]
[SourceVersionDate "2024.09.30"]
[SourceQuality "1"]

1. e4 e6 2. c4 d5 3. cxd5 exd5 4. Bb5+ c6 5. Bd3 dxe4 6. Bxe4 Nf6 7. Bf3 Bc5 8. Ne2 0-0 9. 0-0 Be6 10. d4 Bb6 11. Be3 Nbd7 12. Nbc3 Re8 13. Na4 Bc7 14. Nc5 Nxc5 15. dxc5 h6 16. Qxd8 Raxd8 17. Nd4 Bd5 18. a3 Be5 19. Rad1 Bxd4 20. Rxd4 Bxf3 21. gxf3 Rd5 22. b4 Red8 23. Rfd1 Rxd4 24. Rxd4 Rxd4 25. Bxd4 Nd5 26. Be3 f5 27. Bd2 Kf7 28. Kf1 Ke6 29. Ke2 h5 30. f4 Nc7 31. a4 a6 32. Kd3 Kd5 33. Bc3 Ne6 34. Be5 g6 35. h4 a5 36. Kc3 axb4+ 37. Kxb4 Nxc5 38. Ka5 Nd7 39. Bb2 Ke4 40. Bc1 Kf3 41. Be3 Kg4 42. Kb4 Kxh4 43. Kc3 Kg4 44. Kd2 Kf3 0-1